Charaterization of fusarium oxysporum f. sp. lycopersici specific fascielin - like proteins (FoFLPs) in fungal virulence and development if tranagenic tomato resistant to fusarium wilt (Record no. 1849157)

MARC details
000 -LEADER
fixed length control field 00770nam a2200229Ia 4500
005 - DATE AND TIME OF LATEST TRANSACTION
control field 20260430150201.0
008 - FIXED-LENGTH DATA ELEMENTS--GENERAL INFORMATION
fixed length control field 008 250103s9999 xx 000 0 eng d
037 ## - SOURCE OF ACQUISITION
Stock number Theses
040 ## - CATALOGING SOURCE
Original cataloging agency CRL
040 ## - CATALOGING SOURCE
Language of cataloging eng
040 ## - CATALOGING SOURCE
Transcribing agency eng
041 ## - LANGUAGE CODE
Source of code eng
041 ## - LANGUAGE CODE
Language code of text/sound track or separate title eng
084 ## - COLON CLASSIFICATION NUMBER
Assigning agency CRL
100 ## - MAIN ENTRY--PERSONAL NAME
Personal name Chauhan Sambhavana Au.; Jagreet Kaur Gu.; Rajam M. V. Gu.
9 (RLIN) 1236720
245 #0 - TITLE STATEMENT
Title Charaterization of fusarium oxysporum f. sp. lycopersici specific fascielin - like proteins (FoFLPs) in fungal virulence and development if tranagenic tomato resistant to fusarium wilt
260 ## - PUBLICATION, DISTRIBUTION, ETC.
Date of publication, distribution, etc. 2022
300 ## - PHYSICAL DESCRIPTION
Extent 192p.
700 ## - ADDED ENTRY--PERSONAL NAME
Personal name University of Delhi. Faculty of Interdisciplinary & Applied Sciences. Department of Genetics
942 ## - ADDED ENTRY ELEMENTS (KOHA)
Koha item type Thesis
Holdings
Withdrawn status Lost status Damaged status Not for loan Home library Current library Date acquired Total Checkouts Barcode Date last seen Price effective from Koha item type
        Central Library Central Library 2026-04-30   TH0026148 2026-04-30 2026-04-30 Thesis
Copyright @ Delhi University Library System